Political tribes : (Record no. 120504)
[ view plain ]
| 000 -LEADER | |
|---|---|
| fixed length control field | 00768cam a2200253 i 4500 |
| 001 - CONTROL NUMBER | |
| control field | 20380284 |
| 005 - DATE AND TIME OF LATEST TRANSACTION | |
| control field | 20201201174114.0 |
| 008 - FIXED-LENGTH DATA ELEMENTS--GENERAL INFORMATION | |
| fixed length control field | 180228s xx 000 0 eng |
| 020 ## - INTERNATIONAL STANDARD BOOK NUMBER | |
| International Standard Book Number | 9781408881538 |
| 040 ## - CATALOGING SOURCE | |
| Transcribing agency | PK_laUMT |
| 082 ## - DEWEY DECIMAL CLASSIFICATION NUMBER | |
| Classification number | 320.973 |
| Item number | CHU-P |
| 100 1# - MAIN ENTRY--PERSONAL NAME | |
| Personal name | Chua, Amy |
| 245 10 - TITLE STATEMENT | |
| Title | Political tribes : |
| Remainder of title | group instinct and the fate of nations / |
| Statement of responsibility, etc | by Amy Chua |
| 260 ## - PUBLICATION, DISTRIBUTION, ETC. (IMPRINT) | |
| Place of publication, distribution, etc | London : |
| Name of publisher, distributor, etc | Bloomsbury Publishing, |
| Date of publication, distribution, etc | 2018 |
| 300 ## - PHYSICAL DESCRIPTION | |
| Extent | 293 p. ; |
| Dimensions | 24 cm |
| 650 #0 - SUBJECT ADDED ENTRY--TOPICAL TERM | |
| Topical term or geographic name as entry element | World politics-United Stats |
| 650 #0 - SUBJECT ADDED ENTRY--TOPICAL TERM | |
| Topical term or geographic name as entry element | Identity politics. |
| 650 #0 - SUBJECT ADDED ENTRY--TOPICAL TERM | |
| Topical term or geographic name as entry element | Group identity |
| General subdivision | Political aspects. |
| 650 #0 - SUBJECT ADDED ENTRY--TOPICAL TERM | |
| Topical term or geographic name as entry element | Nationalism. |
| 650 #0 - SUBJECT ADDED ENTRY--TOPICAL TERM | |
| Topical term or geographic name as entry element | Identity politics |
| Geographic subdivision | United States. |
| 650 #0 - SUBJECT ADDED ENTRY--TOPICAL TERM | |
| Topical term or geographic name as entry element | Nationalism |
| Geographic subdivision | United States. |
| 650 #0 - SUBJECT ADDED ENTRY--TOPICAL TERM | |
| Topical term or geographic name as entry element | Exceptionalism |
| Geographic subdivision | United States. |
| 942 ## - ADDED ENTRY ELEMENTS (KOHA) | |
| Koha item type | Books |
| Withdrawn status | Lost status | Damaged status | Home library | Current library | Date acquired | Full call number | Barcode | Date last seen | Price effective from | Koha item type |
|---|---|---|---|---|---|---|---|---|---|---|
| UMT Main Campus | UMT Main Campus | 2020-12-01 | 320.973 CHU-P | 135881 | 2022-03-14 | 2020-12-01 | Books |
